000 00402nam a2200145Ia 4500
008 230917s9999||||xx |||||||||||||| ||und||
040 _e185129
_aMAIN
041 _aEnglish
082 _a320.509 D922H
100 _aDunning, William Archibald
245 0 _aHistory of political theories: From Luther to Montesquieu
260 _aAllahabad
_bCentral Book Depot
_c1966
300 _a459 p.
942 _cBK
999 _c40963
_d40963